La vie littéraire / (Record no. 154164)

MARC details
000 -LEADER
campo de control de longitud fija 00718nam a2200205 i 4500
001 - NÚMERO DE CONTROL
campo de control 154164
003 - IDENTIFICADOR DE NÚMERO DE CONTROL
campo de control ES-MaACL
005 - FECHA Y HORA DE LA ÚLTIMA TRANSACCIÓN
campo de control 20250710064920.0
008 - DATOS DE LONGITUD FIJA--INFORMACIÓN GENERAL
campo de control de longitud fija 050908m18981899fr |||| | fre d
100 1# - ENTRADA PRINCIPAL--NOMBRE DE PERSONA
Nombre de persona France, Anatole,
Fechas asociadas al nombre 1844-1924
9 (RLIN) 240108
245 13 - MENCIÓN DEL TÍTULO
Título La vie littéraire /
Mención de responsabilidad, etc. par Anatole France.
250 ## - MENCION DE EDICION
Mención de edición 7e éd.
260 ## - PUBLICACIÓN, DISTRIBUCIÓN, ETC.
Lugar de publicación, distribución, etc. Paris :
Nombre del editor, distribuidor, etc. Calmann Lévy,
Fecha de publicación, distribución, etc. 1898-1899 (
Lugar de fabricación/manufactura Coulommiers :
Fabricante Imp. Paul Brodard)
300 ## - DESCRIPCIÓN FÍSICA
Extensión 4 v. ;
Dimensiones 18 cm.
500 ## - NOTA GENERAL
Nota general El 4º v. es de 1898.
594 ## - Nota al título y mención de responsabilidad
Nota al título y mención de responsabilidad Anatole France es el seudónimo de Jacques Anatole Thibault.
650 #4 - PUNTO DE ACCESO ADICIONAL DE MATERIA--TÉRMINO DE MATERIA
Término de materia o nombre geográfico como elemento de entrada Literatura francesa-
Subdivisión general Historia y crítica
9 (RLIN) 14586
852 ## - LOCALIZACIÓN
Ubicación ES-MaACL
Número de control de estantería B-2732-34
Nota libre - Enc. pasta española
Holdings
Estatus retirado Estado de pérdida Estado de daño No para préstamo Colección Biblioteca de origen Biblioteca actual Ubicación en estantería Fecha de adquisición Total de préstamos Signatura topográfica completa Código de barras Visto por última vez Precio de reemplazo Tipo de ítem Koha
        Libros del s. XIX Biblioteca del Ateneo de Madrid Biblioteca del Ateneo de Madrid Sala Pardo Bazán 17/01/2008   B-2732-34 1161201 23/02/2023 23/02/2023 Libro impreso antiguo